000 00643cam a2200205 4500
001 L159486
008 000000n2000 000 0 eng u
035 _a(Sirsi) u159486
041 0 _aeng
110 2 _aInstitute of Building Control
_93341
245 _aIBC/RICS Merger
_bputting the pieces together
260 _c2000
520 _aSummaries main terms of a merger between Institute of Building Control and RICS.
650 _aABOUT RICS
650 _aINSTITUTE OF BUILDING CONTROL
650 _aMERGER NEGOTIATIONS
651 4 _aENGLAND AND WALES
690 _aMANAGEMENT-BUSINESS MANAGEMENT-PROFESSIONAL PRACTICE
942 _n0
999 _c115946
_d115946